Computer based instruction: a state of the art assessment
Saved in:
| 主要作者: | |
|---|---|
| 格式: | 圖書 |
| 語言: | 英语 |
| 出版: |
Nueva York
Academic Press
1981
|
| 叢編: | <The >Educational Technology Series
|
| 主題: | |
| 標簽: |
添加標簽
沒有標簽, 成為第一個標記此記錄!
|
MARC
| LEADER | 00000nam a2200000 a 4500 | ||
|---|---|---|---|
| 001 | UCT0354 | ||
| 003 | CL-VaPUC | ||
| 008 | 960830e19810000US |||||||||||||||||eng|d | ||
| 082 | 0 | 4 | |a 371.3 |b ONE |2 21 |
| 100 | |a O'Neil, Harold F. |e author |9 368995 | ||
| 245 | 1 | 0 | |a Computer based instruction: a state of the art assessment |
| 300 | |a 260 p | ||
| 942 | |c BK | ||
| 945 | |d 19960830 00:00:00 |a rleighto | ||
| 260 | |a Nueva York |b Academic Press |c 1981 | ||
| 650 | 0 | |a Métodos de enseñanza |9 270413 | |
| 650 | 0 | |a Computadores |9 258188 | |
| 650 | 0 | |a Gestión de datos |9 353312 | |
| 650 | 0 | |a Software |9 387312 | |
| 583 | |a last modification |c 20170510 02:02:27 |k Rodrigo Vera | ||
| 490 | 0 | |a <The >Educational Technology Series | |
| 999 | |c 251372 |d 251370 | ||
| 952 | |0 0 |1 0 |4 0 |6 371_300000000000000_ONE_1981 |7 0 |8 P |9 270483 |a BIBEDU |b BIBEDU |c BIBEDU_PB |d 2019-11-19 |i 3227200 |o 371.3 ONE 1981 |p 3227200 |r 2024-01-25 |w 2019-11-19 |y BK |k EDU | ||